000 00646nam a2200217 a 4500
999 _c12660
_d12660
001 12660
003 BD-JhCC
005 20221103134023.0
008 221102s2022 bg |||| |||| 000 0 ban d
020 _a9789845029247
035 _a(BD-JhCC)12660
040 _aBD-JhCC
_dBD-JhCC
041 _aBangla
082 _a891.443
_bAKH 2022
100 _aআখন্দ, মৌলী
245 _aস্বপ্নচূড়া /
_cমৌলী আখন্দ
260 _aঢাকা :
_bঅন্যপ্রকাশ,
_c২০২২
300 _a১৫৮ পৃ. :
_c২২ সেমি.
650 _aBangla Novel
942 _2ddc
_cBK
_02